Rethinking heritage : cultures and politics in Europe
Αποθηκεύτηκε σε:
| Άλλοι συγγραφείς: | |
|---|---|
| Μορφή: | Βιβλίο |
| Γλώσσα: | English |
| Δημοσίευση: |
London :
I.B. Tauris,
c2003.
|
| Θέματα: | |
| Ετικέτες: |
Προσθήκη ετικέτας
Δεν υπάρχουν, Καταχωρήστε ετικέτα πρώτοι!
|
MARC
| LEADER | 00000nam a2200000 a 4500 | ||
|---|---|---|---|
| 001 | 1/125734 | ||
| 008 | 221220s2003####enk| ||| |||| ||eng|| | ||
| 020 | |a 1860647960 | ||
| 040 | |a GR-MyUa |b gre |c GR-MyUa |e AACR2 | ||
| 041 | 0 | |a eng | |
| 082 | 7 | |a 306.094 |2 (23) | |
| 245 | 0 | 0 | |a Rethinking heritage : |b cultures and politics in Europe / |c edited by Robert Shannan Peckham. |
| 260 | |a London : |b I.B. Tauris, |c c2003. | ||
| 300 | |a 268 σ. ; |c 23 εκ. | ||
| 504 | |a Περιλαμβάνει βιβλιογραφικές παραπομπές και ευρετήριο. | ||
| 651 | 0 | |a Europe |x Civilization. | |
| 650 | 0 | |a Cultural property |z Europe. | |
| 650 | 0 | |a Politics and culture |z Europe. | |
| 650 | 0 | |a Multiculturalism |z Europe. | |
| 700 | 1 | |a Peckham, Robert Shannan, |e edt | |
| 852 | |a INST |b LESVOS |e 20221220 |h 306.094 RET |p 005100064022 |q 005100064022 |t BK |y 0 | ||
| 970 | |a Καμάτσου |b Δέσποινα |z 20-12-2022 | ||